| 000 | 00660nam a2200193Ia 4500 | ||
|---|---|---|---|
| 003 | GCL | ||
| 008 | 140319s9999 xx 000 0 ara d | ||
| 020 | _a1178005977 | ||
| 040 |
_aGCL / _cGCL |
||
| 082 | 0 | 4 |
_a915.3 _bم ج |
| 100 | 1 | _aمحمود ابوالعلا | |
| 245 | 1 | 0 |
_aجغرافية العالم الاسلامى واقتصادياته / _cمحمود ابوالعلا |
| 260 |
_aالقاهرة : _bمكتبة الانجلوالمصرية |
||
| 300 |
_a419 ص ؛ _c24 سم |
||
| 650 | 0 | 4 | _aالعالم الاسلامى |
| 650 | 0 | 4 | _aالعالم العربى - جغرافيا |
| 650 | 0 | 4 | _aالجغرافيا الاقليمية |
| 942 |
_2ddc _cBK |
||
| 999 |
_c3256 _d3256 |
||